01051nac a22002891u 4500003000900000005001700009008004100026020001500067020001500082040004300097041001300140082002400153245006300177264004500240300004600285336002600331337002800357338002700385546003200412650006600444650005500510653001100565655001700576942001200593999001500605952014100620EG-ScBUE20221207104742.0221207s2005 ko a f 000 0 eng d a8957700846 a8957700838 aEG-ScBUEbengerdacEG-ScBUEdEG-ScBUE0 aengakor04a725.095195222bIND aIn detail 01 :binterior design detail, commerce hospital. 1aSeoul, South Korea :bArchiworld,c2005. a175 pages :bcolor illustrations ;c30 cm 2rdacontentatextbtxt 2rdamediaaunmediatedbn 2rdacarrieravolumebnc aText in Korean and English. 7aCommercial buildingsxdesigns and constructionzKorea.2BUEsh 7aHospitalsxdesigns and constructionzKorea.2BUEsh bENGARC vReading book cBB2ddc c3532d3532 00102ddc4070aMAINbMAINc2NDd2007-04-30ePurchasel5m5o725.095195 INDp000030461q2026-03-17r2026-02-15 00:00:00s2026-02-15yBB